Society for Pakistan Studies. (Record no. 69284)

MARC details
000 -LEADER
fixed length control field 00778cam a22002531a 4500
001 - CONTROL NUMBER
control field sa 66004214
003 - CONTROL NUMBER IDENTIFIER
control field DLC
005 - DATE AND TIME OF LATEST TRANSACTION
control field 20260227112241.0
008 - FIXED-LENGTH DATA ELEMENTS--GENERAL INFORMATION
fixed length control field 970319s1961 bg 000 0 eng
010 ## - LIBRARY OF CONGRESS CONTROL NUMBER
LC control number sa 66004214
025 ## - OVERSEAS ACQUISITION NUMBER
Overseas acquisition number PL480:EP-E-277
035 ## - SYSTEM CONTROL NUMBER
System control number (OCoLC)36576764
040 ## - CATALOGING SOURCE
Original cataloging agency DLC
Transcribing agency CU
Modifying agency DLC
042 ## - AUTHENTICATION CODE
Authentication code premarc
050 00 - LIBRARY OF CONGRESS CALL NUMBER
Classification number DS376
Item number .S6527
110 2# - MAIN ENTRY--CORPORATE NAME
Corporate name or jurisdiction name as entry element Society for Pakistan Studies (Dacca).
245 10 - TITLE STATEMENT
Title Society for Pakistan Studies.
260 ## - PUBLICATION, DISTRIBUTION, ETC.
Place of publication, distribution, etc. Dacca :
Name of publisher, distributor, etc. The Society,
Date of publication, distribution, etc. [1961]
300 ## - PHYSICAL DESCRIPTION
Extent 16 p. ;
Dimensions 21 cm.
490 1# - SERIES STATEMENT
Series statement Society for Pakistan Studies. Publication ;
Volume/sequential designation no. 2
500 ## - GENERAL NOTE
General note "Pakistan Day, 14th August, 1961"
610 20 - SUBJECT ADDED ENTRY--CORPORATE NAME
Corporate name or jurisdiction name as entry element Society for Pakistan Studies (Dacca)
830 #0 - SERIES ADDED ENTRY--UNIFORM TITLE
Uniform title Publication (Society for Pakistan Studies (Dacca)) ;
Volume/sequential designation no. 2.

No items available.

Powered by Koha